| 000 | 00508nam a22001817a 4500 | ||
|---|---|---|---|
| 003 | CEME | ||
| 005 | 20210628203245.0 | ||
| 008 | 210203b xxu||||| |||| 00| 0 eng d | ||
| 020 | _a9780471471636 | ||
| 040 | _c. | ||
| 082 | _a005.117 FRI | ||
| 100 |
_aFritzson, Peter _964334 |
||
| 245 | _aPrinciples of object-oriented modeling and simulation with modelica 2.1 | ||
| 260 |
_aUSA _bJOHN WILEY & SONS _c2004 |
||
| 300 | _aXLII,897P | ||
| 700 |
_aModelica , Computer Simulation _964335 |
||
| 942 |
_cBK _2ddc |
||
| 999 |
_c572861 _d572861 |
||